Time series analysis and its applications with R examples
Salvato in:
| Autori principali: | , |
|---|---|
| Natura: | Libro |
| Lingua: | inglese |
| Pubblicazione: |
New York, USA.
Springer,
2006
|
| Edizione: | Second edition |
| Serie: | Springer Texts in Statistics
|
| Soggetti: | |
| Accesso online: | Disponible Online - Cap. 1 y 3 |
| Tags: |
Aggiungi Tag
Nessun Tag, puoi essere il primo ad aggiungerne!!
|
MARC
| LEADER | 00000nam a2200000 a 4500 | ||
|---|---|---|---|
| 001 | UCH0667 | ||
| 003 | CL-VaPUC | ||
| 005 | 20231123145901.0 | ||
| 008 | 090320e20060000US |||||||||||||||||eng|d | ||
| 999 | |c 332922 |d 332920 | ||
| 020 | |a 9780387293172 | ||
| 040 | |c Pontificia Universidad Católica de Valparaíso | ||
| 082 | 0 | 4 | |a 519.55 SHU 2006 |2 21 |
| 100 | 0 | |a Shumway, Robert H |e author |9 534910 | |
| 245 | 1 | 0 | |a Time series analysis and its applications with R examples |
| 250 | |a Second edition | ||
| 260 | |a New York, USA. |b Springer, |c 2006 | ||
| 300 | |a 575 páginas | ||
| 490 | 0 | |a Springer Texts in Statistics | |
| 583 | |a last modification |c 20140403 04:42:35 |k Rodrigo Vera | ||
| 650 | 0 | |a Análisis de series de tiempo |9 260363 | |
| 650 | 0 | |a Estadística matemática |9 260028 | |
| 700 | 0 | |a Stoffer, David S |e author |9 534911 | |
| 856 | |u http://bibliografiadigital.pucv.cl.pucv.idm.oclc.org/index.php/bibliotecapucv/catalog/book/647 |y Disponible Online - Cap. 1 y 3 | ||
| 942 | |c BK |2 ddc | ||
| 945 | |d 20090320 00:00:00 |a rbrito | ||
| 952 | |0 0 |1 0 |4 0 |6 519_550000000000000_SHU_2006 |7 0 |8 A |9 420982 |a BIBGIM |b BIBGIM |d 2019-11-22 |i 4520823 |l 1 |o 519.55 SHU 2006 |p 4520823 |r 2025-01-15 |s 2023-04-19 |w 2019-11-22 |y BK |k EST | ||